Биография на моите филми (Запис номер 489773)
[ съкратено ]
| 000 -Лидер | |
|---|---|
| Контролно поле с фиксирана дължина | 01127nam a2200277 a 4500 |
| 003 - Код на организацията, давaща контролен номер | |
| Контролно поле | BLK |
| 005 - Дата и час на последна редакция | |
| Контролно поле | 20241031095027.0 |
| 008 - Елементи от данни с фиксирана дължина | |
| fixed length control field | 230322b bu |||||||||| 00| | bu d |
| 020 ## - Международен стандартен номер на книга ISBN | |
| Международен стандартен номер на книга ISBN | 9786192332266 |
| 040 ## - Източник на каталожния запис | |
| Идентификатор на билиотеката - собственик на записа | BLK |
| 041 ## - Код за език | |
| Код за езика на текст/звукозапис или на отделно заглавие | Български |
| Код за езика КДБФ | Български |
| 080 ## - УДК | |
| Текстов определител УДК | Българска литература |
| УДК код - определител по УДК | 821.163.2 |
| УДК определител | -312.6 |
| УДК - код + определител | 821.163.2-312.6 |
| 100 1# - Редна дума - Автор | |
| R(LIN) | 66191 |
| Автор | Дюлгеров, Георги Димитров |
| Авторска отговорност | първи автор |
| 139 ## - Редно поле | |
| Редна дума | Дюлгеров, Георги Димитров |
| Авторски знак | Дю - Д 97 |
| 245 ## - Сведения за заглавието | |
| Заглавие | Биография на моите филми |
| Редно поле (дума) | Георги Дюлгеров |
| Том | Ч. 2 |
| 260 ## - Област на издателските данни | |
| 9 (RLIN) | 209549 |
| Място на издаване, разпространение и проч. | София |
| Име на издателя, разпространителя и проч. | Нов бълг. унив. |
| Година на издаване | 2022 |
| Информация за издателството | НБУ |
| Печатница | ([София] : Симолини 94) |
| Издателство - префикс ISBN | 978-954-535- ; 954-9926- |
| 300 ## - Физическа характеристика | |
| Страници | 243 с. |
| Илюстрации и др. | с цв. ил. |
| Размери/Мащаб | 24 см |
| 380 ## - Жанр | |
| Жанр | Худож. лит. |
| 500 ## - Общи забележки | |
| Забележка | Биогр. данни за авт. отбелязани на 2-ра кор.<br/>Именен показалец |
| 852 ## - Местоположение | |
| Форматна сигнатура | Цб 316925 |
| Фондова буква | Хранилище |
| 856 ## - Електронен адрес и достъп | |
| Инструкция (цена за достъп) | 0.00 |
| Права за достъп | disable |
| 942 ## - АРТИКУЛИ | |
| Вид на библиотечния материал | Книги |
| Скрит в OPAC | Не |
| Периодичен библиозапис | Да |
| Koha issues (borrowed), all copies | 2 |
| 944 ## - СЪЗДАВАНЕ И РЕДАКЦИЯ на ЗАПИСА | |
| Създаване/Редакция | Създаване |
| Дата на регистрацията/редакция | 2023-03-22 |
| Служител, извършил регистрацията/редакцията | 30530 |
| Статус, дата на статуса | Минев Младен |
| 999 ## - СИСТЕМНИ КОНТРОЛНИ НОМЕРА | |
| Koha biblionumber | 489773 |
| Koha biblioitemnumber | 489773 |
| 999 ## - СИСТЕМНИ КОНТРОЛНИ НОМЕРА | |
| Koha biblioitemnumber | 489773 |
| 999 ## - СИСТЕМНИ КОНТРОЛНИ НОМЕРА | |
| Koha biblioitemnumber | 489773 |
| Код за отписване | Код за изгубен артикул | Източник на класификационната схема | Код за повреда | Коз за рестрикции | Код за отдаване | Артикулен № | Име на библиотеката - собственик | Име на библиотеката, в която се намира в момента | Статус (Текущо местоположение) | Дата на вписване в системата | Местоположение - отдел | Цена в лева | Инвентарен номер | Систематично азбучна сигнатура | Баркод | Цена в евро | Служебен тип на артикула |
|---|---|---|---|---|---|---|---|---|---|---|---|---|---|---|---|---|---|
| Не е изгубен | Universal Decimal Classification | Не е повреден | само за читалня | ползва се в читалня | 925009 | Регионална библиотека "Любен Каравелов" Русе | Регионална библиотека "Любен Каравелов" Русе | Хранилище | 2023-03-27 | Хранилище | 27.00 | 120000884271 | Цб 316925 | 120000884271 | 13.80 | Книги | |
| Не е изгубен | Universal Decimal Classification | Не е повреден | без рестрикции | заемане за дома | 926488 | Регионална библиотека "Любен Каравелов" Русе | Регионална библиотека "Любен Каравелов" Русе | Заемна - подръчен фонд | 2023-04-03 | Заемна - подръчен фонд | 20.25 | 120000885745 | 821.163.2-31/Д 97 Г | 120000885745 | 10.35 | Книги |